000
00240 a2200097 4500
001
16660
100
_a
Faroqi Ismail R
245
_a
Islam and the problem of Israel
260
_a
London
_b
Islamic council of Europe
_c
090
_c
12560
_d
12560
942
_a
NUST-CAE
_c
M
_c
2848
999
_c
251733
_d
251733